| 000 | 00435nam a22001697a 4500 | ||
|---|---|---|---|
| 003 | NUST | ||
| 005 | 20220311144050.0 | ||
| 008 | 220311b ||||| |||| 00| 0 eng d | ||
| 038 | _aMuzammil SMME | ||
| 082 |
_a629.13092 _bZAF |
||
| 100 |
_aChaudhry,A. Zafar. _990582 |
||
| 245 |
_aAn Airman Remembers\ _cZafar A. Chaudhry. |
||
| 260 |
_aLahore _bFeroz sons _c1993 |
||
| 300 | _aviii,123p.; | ||
| 563 | _ahardcover | ||
| 942 |
_2ddc _cBK |
||
| 999 |
_c588737 _d588737 |
||